000 00492nam a2200193Ia 4500
003 GCL
008 140319s9999 xx 000 0 eng d
040 _aGCL /
_cGCL
082 0 4 _a595.789
_bP M
100 1 _aPOLLARD, E
245 1 0 _aMONITORING BUTTERFLIES FOR ECOLOGY AND CONSERVATION /
_cPOLLARD, E
700 1 _aYATES, T.J.
260 _a[S.N] :
_bCHAPMAN & HALL ،
_c1993
300 _a274 P
650 0 4 _aECOLOGY
650 0 4 _aBUTTERFLIES
650 0 4 _aINSECTS
942 _2ddc
_cBK
999 _c16810
_d16810